[Event "K41 Efteraars EMT Mesterklassen 2009"]
[Site "Valby"]
[Date "2009.09.08"]
[Round "1"]
[White "Hansen, Morten Moller"]
[Black "Nielsen, John Holm"]
[Result "1-0"]
[WhiteElo "2124"]
[BlackElo "2022"]
[PlyCount "117"]
[EventDate "2009.??.??"]

1. d4 d5 2. c4 c6 3. Qc2 Nf6 4. Nf3 Bg4 5. Ne5 e6 6. e3 Bf5 7. Bd3 Bxd3 8. Qxd3
Nbd7 9. Nxd7 Qxd7 10. Nc3 Bd6 11. O-O O-O 12. c5 Bc7 13. b4 a6 14. Bb2 Rad8 15.
f4 Ne8 16. g4 f5 17. g5 g6 18. Ne2 Ng7 19. Ng3 Kf7 20. a4 Rh8 21. Bc3 h6 22. h4
hxg5 23. hxg5 Rh3 24. Kg2 Rdh8 25. Rh1 Rxh1 26. Rxh1 Rxh1 27. Kxh1 Qe8 28. Qe2
Qh8+ 29. Qh2 Qxh2+ 30. Kxh2 Nh5 31. Ne2 Ke7 32. Kg2 Kd7 33. Kf3 Ke7 34. Nc1 Kd7
35. Nd3 Ng7 36. Ne1 Ke7 37. Ng2 Nh5 38. Be1 Kf7 39. Ke2 Ng7 40. Kd3 Ne8 41. Kc2
Bd8 42. b5 axb5 43. axb5 cxb5 44. Kb3 b6 45. Kb4 bxc5+ 46. dxc5 Nc7 47. Ka5 e5
48. Kb6 d4 49. exd4 exf4 50. Kc6 Ne6 51. d5 Nd4+ 52. Kd7 f3 53. Kxd8 fxg2 54.
Bf2 b4 55. Bxd4 b3 56. c6 b2 57. c7 b1=Q 58. c8=Q Qe4 59. Qd7+ 1-0

[Event "K41 Efteraars EMT Mesterklassen 2009"]
[Site "Valby"]
[Date "2009.09.08"]
[Round "1"]
[White "Jorgensen, Kasper Moller"]
[Black "Gjedde, Thomas"]
[Result "0-1"]
[WhiteElo "2005"]
[BlackElo "2026"]
[PlyCount "78"]
[EventDate "2009.??.??"]

1. e4 e5 2. Nf3 Nc6 3. Bb5 a6 4. Ba4 Nf6 5. Qe2 b5 6. Bb3 Be7 7. O-O d6 8. c3
Na5 9. Bc2 c5 10. Rd1 Qc7 11. d4 O-O 12. d5 c4 13. b4 cxb3 14. axb3 Nb7 15. b4
Bd7 16. Bd3 Rfc8 17. Bd2 g6 18. Na3 Nh5 19. Rac1 Qd8 20. c4 bxc4 21. Nxc4 Bb5
22. Be3 Nf4 23. Bxf4 exf4 24. e5 dxe5 25. Nfxe5 Bxb4 26. Nc6 Bxc6 27. dxc6 Rxc6
28. Bxg6 Qf6 29. Be4 Re6 30. Qg4+ Kh8 31. Bxb7 Rg8 32. Qf3 Qe7 33. Bd5 Reg6 34.
g3 fxg3 35. hxg3 Rf6 36. Qe4 Qa7 37. Qd4 Rxg3+ 38. Kf1 Qe7 39. Re1 Bxe1 0-1

[Event "K41 Efteraars EMT Mesterklassen 2009"]
[Site "Valby"]
[Date "2009.09.15"]
[Round "2"]
[White "Hansen, Morten Moller"]
[Black "Hornsgaard, Jens Juul"]
[Result "1/2-1/2"]
[WhiteElo "2124"]
[BlackElo "2057"]
[PlyCount "97"]
[EventDate "2009.??.??"]

1. d4 Nf6 2. c4 e6 3. Nf3 b6 4. g3 Ba6 5. Qa4 c5 6. Bg2 Bb7 7. O-O Be7 8. dxc5
bxc5 9. Nc3 O-O 10. Rd1 Ne4 11. Nxe4 Bxe4 12. Bf4 d6 13. Rd2 Qc7 14. Rad1 Rd8
15. Bxd6 Bxd6 16. Rxd6 Nc6 17. Rxd8+ Rxd8 18. Rxd8+ Qxd8 19. Nd2 Bxg2 20. Kxg2
Qa8 21. f3 Nd4 22. e3 Nf5 23. Qa3 Qd8 24. Qc3 h5 25. Kf2 h4 26. g4 Ne7 27. Ne4
f5 28. Ng5 Qd6 29. Kg2 e5 30. gxf5 Nxf5 31. Ne4 h3+ 32. Kxh3 Qh6+ 33. Kg2 Nxe3+
34. Kg1 Qf4 35. Qd2 Qxf3 36. Qd8+ Qf8 37. Qxf8+ Kxf8 38. b3 Ke7 39. Nxc5 Nd1
40. Kg2 Nc3 41. a4 Kd6 42. b4 e4 43. Kf2 Ke5 44. Ke3 Nd1+ 45. Kd2 Nb2 46. Kc3
Nd1+ 47. Kd2 Nb2 48. Kc3 Nd1+ 49. Kd2 1/2-1/2

[Event "K41 Efteraars EMT Mesterklassen 2009"]
[Site "Valby"]
[Date "2009.09.15"]
[Round "2"]
[White "Nielsen, John Holm"]
[Black "Gjedde, Thomas"]
[Result "1/2-1/2"]
[WhiteElo "2022"]
[BlackElo "2026"]
[PlyCount "54"]
[EventDate "2009.??.??"]

1. Nc3 e5 2. Nf3 Nc6 3. d4 exd4 4. Nxd4 Nf6 5. Bg5 Be7 6. Nf5 Rg8 7. f4 Bb4 8.
Qd3 h6 9. Bh4 d6 10. Ne3 g5 11. Bg3 Qe7 12. Nf5 Bxf5 13. Qxf5 Ne4 14. O-O-O
Nxc3 15. bxc3 Qe3+ 16. Kb1 Bxc3 17. Qb5 Qb6 18. Qxb6 axb6 19. Rd3 Bf6 20. c3
Kd7 21. e4 gxf4 22. Bxf4 Bg5 23. g3 Rge8 24. Bh3+ Ke7 25. Rd5 Ra5 26. Rhd1 Kf8
27. Bg2 Ne5 1/2-1/2

[Event "K41 Efteraars EMT Mesterklassen 2009"]
[Site "Valby"]
[Date "2009.09.15"]
[Round "2"]
[White "Petersen, Steen Brustrup"]
[Black "Ottosen, Peder"]
[Result "1-0"]
[WhiteElo "2098"]
[BlackElo "2068"]
[PlyCount "63"]
[EventDate "2009.??.??"]

1. e4 c5 2. Nf3 e6 3. d3 Nc6 4. g3 g6 5. d4 Bg7 6. dxc5 Qa5+ 7. c3 Qxc5 8. Be3
Qa5 9. Nbd2 d5 10. exd5 exd5 11. Bg2 Qb5 12. Nb3 Nge7 13. Nfd4 Nxd4 14. Bxd4
Bxd4 15. Qxd4 O-O 16. O-O-O Be6 17. Rhe1 a5 18. Qf6 Nc6 19. Nd4 Nxd4 20. Rxd4
a4 21. a3 Rae8 22. Rb4 Qc6 23. Qd4 b5 24. Bf1 Rb8 25. Qf4 Rfe8 26. Kd2 Kf8 27.
Qf6 Kg8 28. h4 h5 29. Bd3 Kh7 30. Re5 Kh6 31. Rxh5+ Kxh5 32. Qg5# 1-0

[Event "K41 Efteraars EMT Mesterklassen 2009"]
[Site "Valby"]
[Date "2009.09.22"]
[Round "3"]
[White "Hornsgaard, Jens Juul"]
[Black "Nielsen, John Holm"]
[Result "1-0"]
[WhiteElo "2057"]
[BlackElo "2022"]
[PlyCount "51"]
[EventDate "2009.??.??"]

1. d4 d5 2. c4 c6 3. Nf3 Nf6 4. Nc3 dxc4 5. e4 b5 6. e5 Nd5 7. a4 Nxc3 8. bxc3
e6 9. Ng5 Be7 10. Qh5 Bxg5 11. Bxg5 Qc7 12. Be2 Bb7 13. O-O Nd7 14. Bg4 Nf8 15.
f4 a6 16. f5 exf5 17. Bxf5 g6 18. Qh6 gxf5 19. Qg7 Ng6 20. e6 Rf8 21. Rxf5 Bc8
22. Re1 Bxe6 23. Rxe6+ Kd7 24. Rxf7+ Rxf7 25. Qxf7+ Kc8 26. Re8+ 1-0

[Event "K41 Efteraars EMT Mesterklassen 2009"]
[Site "Valby"]
[Date "2009.09.22"]
[Round "3"]
[White "Jorgensen, Kasper Moller"]
[Black "Petersen, Steen Brustrup"]
[Result "1-0"]
[WhiteElo "2005"]
[BlackElo "2098"]
[PlyCount "139"]
[EventDate "2009.??.??"]

1. e4 e5 2. Nf3 Nc6 3. Bb5 a6 4. Ba4 Nf6 5. Qe2 b5 6. Bb3 Be7 7. O-O O-O 8. c3
d6 9. Rd1 Na5 10. Bc2 c5 11. d4 Qc7 12. d5 Bd7 13. b3 Rab8 14. Nbd2 Nh5 15. Nf1
g6 16. h3 Ng7 17. g4 f5 18. exf5 gxf5 19. Ng5 Bxg5 20. Bxg5 Rf7 21. Ng3 Kh8 22.
Bh6 Rg8 23. g5 f4 24. Qf3 Nf5 25. Nxf5 Bxf5 26. Bxf5 Rxf5 27. Kh2 Nb7 28. Rg1
Qe7 29. Qe4 Qf7 30. f3 Qg6 31. b4 a5 32. a4 bxa4 33. b5 Rc8 34. c4 Rf7 35. Rxa4
Re8 36. Ra2 Qxe4 37. fxe4 Ree7 38. Kg2 f3+ 39. Kf2 Rf4 40. Ke3 Rh4 41. Rg3 Rf7
42. Rxf3 Rff4 43. Rxf4 Rxf4 44. Rh2 Kg8 45. h4 Rf1 46. h5 Ra1 47. Re2 Ra3+ 48.
Kf2 Rh3 49. Kg2 Rh4 50. Kg3 Rf4 51. g6 Rf6 52. Bg5 Rf1 53. Kg4 hxg6 54. hxg6
Kg7 55. Kh5 Rh1+ 56. Bh4 Rg1 57. Bg5 Rh1+ 58. Kg4 Kxg6 59. Rg2 a4 60. Kf3 Kf7
61. Ra2 a3 62. Be3 Rh3+ 63. Ke2 Na5 64. Rxa3 Nxc4 65. Ra7+ Ke8 66. Bg5 Rb3 67.
Rb7 Na3 68. b6 Nc4 69. Rb8+ Kd7 70. Rd8# 1-0

[Event "K41 Efteraars EMT Mesterklassen 2009"]
[Site "Valby"]
[Date "2009.09.22"]
[Round "3"]
[White "Ottosen, Peder"]
[Black "Hansen, Morten Moller"]
[Result "1/2-1/2"]
[WhiteElo "2068"]
[BlackElo "2124"]
[PlyCount "98"]
[EventDate "2009.??.??"]

1. d4 Nf6 2. c4 e6 3. Nc3 d5 4. cxd5 exd5 5. Bg5 Be7 6. e3 c6 7. Bd3 O-O 8.
Nge2 h6 9. Bh4 Nbd7 10. O-O Ne8 11. Bg3 Ndf6 12. f3 Nh5 13. Bf2 f5 14. Qb3 Kh8
15. Rae1 Nef6 16. Qc2 Qd7 17. Na4 Bd6 18. g3 Ng8 19. Nc5 Qc7 20. Nf4 Qf7 21.
Ng2 b6 22. Nb3 Ne7 23. e4 fxe4 24. fxe4 dxe4 25. Be3 Nf6 26. Bxe4 Ba6 27. Rf2
Qh5 28. Bf3 Qf7 29. Nf4 g5 30. Nd3 Qc4 31. Qxc4 Bxc4 32. Ne5 Bxe5 33. dxe5 Nfd5
34. Bc1 Rf7 35. Nd4 Raf8 36. Ne6 Rc8 37. b3 Ba6 38. Bb2 Nb4 39. Rd1 Nd3 40. Nd8
Rf8 41. Rxd3 Bxd3 42. e6+ Kg8 43. Nf7 Kh7 44. Rd2 Bf5 45. Rd7 Rxf7 46. Be4 Bxe4
47. exf7 Rf8 48. Rxe7 Bd5 49. Rxa7 Rxf7 1/2-1/2

[Event "K41 Efteraars EMT Mesterklassen 2009"]
[Site "Valby"]
[Date "2009.09.29"]
[Round "4"]
[White "Hansen, Morten Moller"]
[Black "Jorgensen, Kasper Moller"]
[Result "1-0"]
[WhiteElo "2124"]
[BlackElo "2005"]
[PlyCount "55"]
[EventDate "2009.??.??"]

1. d4 Nf6 2. c4 e6 3. Nf3 b6 4. a3 Bb7 5. e3 c5 6. dxc5 bxc5 7. Nc3 Be7 8. Qc2
Bxf3 9. gxf3 Nc6 10. Bg2 Rb8 11. O-O h5 12. f4 h4 13. Bxc6 dxc6 14. h3 g5 15.
e4 Nh5 16. fxg5 Bxg5 17. f4 Bh6 18. Ne2 Rg8+ 19. Kh2 e5 20. Qc3 exf4 21. Qe5+
Kf8 22. Qxc5+ Qe7 23. Qxh5 Rg6 24. Nxf4 Qd6 25. Kh1 Rg3 26. e5 Rxh3+ 27. Nxh3
Qe6 28. Qxh6+ 1-0

[Event "K41 Efteraars EMT Mesterklassen 2009"]
[Site "Valby"]
[Date "2009.10.13"]
[Round "4"]
[White "Hornsgaard, Jens Juul"]
[Black "Ottosen, Peder"]
[Result "0-1"]
[WhiteElo "2057"]
[BlackElo "2068"]
[PlyCount "44"]
[EventDate "2009.??.??"]

1. e4 c5 2. Nf3 e6 3. d4 cxd4 4. Nxd4 a6 5. c4 Nf6 6. Bd3 Qc7 7. O-O Bc5 8. Nb3
Be7 9. Nc3 b6 10. Qe2 d6 11. f4 Nbd7 12. g4 g6 13. g5 Nh5 14. f5 Bb7 15. Nd4
Nc5 16. Bc2 e5 17. Nf3 gxf5 18. exf5 Rg8 19. Nxe5 Bxg5 20. Ng6+ Qe7 21. Re1 Kd8
22. Nxe7 Be3+ 0-1

[Event "K41 Efteraars EMT Mesterklassen 2009"]
[Site "Valby"]
[Date "2009.10.06"]
[Round "5"]
[White "Gjedde, Thomas"]
[Black "Hansen, Morten Moller"]
[Result "1/2-1/2"]
[WhiteElo "2026"]
[BlackElo "2124"]
[PlyCount "51"]
[EventDate "2009.??.??"]

1. d4 Nf6 2. c4 e6 3. Nf3 b6 4. g3 Ba6 5. Qc2 Bb7 6. Bg2 Bb4+ 7. Bd2 a5 8. O-O
O-O 9. a3 Be4 10. Qb3 Be7 11. Nc3 Bb7 12. Rfd1 d6 13. Qc2 Na6 14. e4 Nd7 15.
Be3 Qc8 16. Rac1 Bf6 17. Ne1 Re8 18. f4 g6 19. Qf2 Bg7 20. Nf3 Nf6 21. Qc2 Ng4
22. Bd2 f5 23. h3 fxe4 24. Nxe4 Nf6 25. Nxf6+ Bxf6 26. Bc3 1/2-1/2

[Event "K41 Efteraars EMT Mesterklassen 2009"]
[Site "Valby"]
[Date "2009.10.06"]
[Round "5"]
[White "Jorgensen, Kasper Moller"]
[Black "Hornsgaard, Jens Juul"]
[Result "1-0"]
[WhiteElo "2005"]
[BlackElo "2057"]
[PlyCount "83"]
[EventDate "2009.??.??"]

1. e4 c5 2. Nf3 d6 3. Bb5+ Bd7 4. Bxd7+ Qxd7 5. O-O g6 6. c3 Bg7 7. d4 cxd4 8.
cxd4 Nc6 9. Nc3 e6 10. Bf4 Nge7 11. Nb5 Nc8 12. d5 N6e7 13. Qb3 e5 14. Be3 a6
15. Na3 O-O 16. Nc4 f5 17. Ng5 fxe4 18. Nxe4 b5 19. Na5 Qc7 20. Bd2 Nf5 21. Nc6
Nb6 22. Ba5 Qb7 23. g4 Nh4 24. Nxd6 Qd7 25. f3 Qxd6 26. Bxb6 Qf6 27. Bc5 Rf7
28. Be7 Rxe7 29. Nxe7+ Qxe7 30. Rac1 Qa7+ 31. Kh1 Rf8 32. d6+ Kh8 33. Qd3 Qd4
34. Qxd4 exd4 35. d7 Bf6 36. Rc8 Kg7 37. Re1 d3 38. Rxf8 d2 39. Re7+ Bxe7 40.
d8=Q Bxd8 41. Rxd8 Nxf3 42. Kg2 1-0

[Event "K41 Efteraars EMT Mesterklassen 2009"]
[Site "Valby"]
[Date "2009.10.06"]
[Round "5"]
[White "Ottosen, Peder"]
[Black "Nielsen, John Holm"]
[Result "1/2-1/2"]
[WhiteElo "2068"]
[BlackElo "2022"]
[PlyCount "61"]
[EventDate "2009.??.??"]

1. d4 d5 2. c4 c6 3. Nf3 Nf6 4. Nc3 dxc4 5. e3 Bf5 6. Bxc4 e6 7. O-O Be7 8. Ne2
O-O 9. Ng3 Bg6 10. Ne5 Nbd7 11. Nxg6 hxg6 12. b3 Nb6 13. Bd3 Qc7 14. Bb2 Rad8
15. Qf3 Bd6 16. Rad1 Rfe8 17. Kh1 Qe7 18. a4 e5 19. dxe5 Bxe5 20. Bc1 Nbd5 21.
Ne2 Nc3 22. Nxc3 Bxc3 23. Bc2 Rxd1 24. Rxd1 Rd8 25. Kg1 Be5 26. h3 Nd5 27. Qe4
Re8 28. Qc4 Nb6 29. Qg4 Nd5 30. Qc4 Nb6 31. Qg4 1/2-1/2

[Event "K41 Efteraars EMT Mesterklassen 2009"]
[Site "Valby"]
[Date "2009.10.20"]
[Round "6"]
[White "Hornsgaard, Jens Juul"]
[Black "Gjedde, Thomas"]
[Result "0-1"]
[WhiteElo "2057"]
[BlackElo "2026"]
[PlyCount "42"]
[EventDate "2009.??.??"]

1. d4 d5 2. c4 e6 3. Nc3 Nf6 4. Nf3 Be7 5. e3 O-O 6. Qc2 Nbd7 7. b3 c5 8. cxd5
exd5 9. Bb2 Re8 10. Bd3 b6 11. O-O Bb7 12. Ne5 Bf8 13. f4 Rc8 14. g4 cxd4 15.
exd4 Ne4 16. Bb5 Nxe5 17. fxe5 Re6 18. Qd3 a6 19. Bc4 dxc4 20. Qf3 Qxd4+ 21.
Kh1 Ng3+ 0-1

[Event "K41 Efteraars EMT Mesterklassen 2009"]
[Site "Valby"]
[Date "2009.10.20"]
[Round "6"]
[White "Nielsen, John Holm"]
[Black "Petersen, Steen Brustrup"]
[Result "0-1"]
[WhiteElo "2022"]
[BlackElo "2098"]
[PlyCount "66"]
[EventDate "2009.??.??"]

1. Nc3 Nf6 2. e4 e5 3. Bc4 Nc6 4. Nf3 Nxe4 5. Nxe4 d5 6. Bb5 dxe4 7. Nxe5 Qd5
8. Bxc6+ bxc6 9. Ng4 Ba6 10. Ne3 Qe5 11. Rb1 Bc5 12. b3 Rd8 13. c4 Bc8 14. O-O
Bd6 15. g3 Bc5 16. b4 Bd4 17. Qe2 O-O 18. Nc2 Qe6 19. a4 Qh3 20. Nxd4 Rxd4 21.
f3 exf3 22. Qxf3 Bg4 23. Qf2 Re4 24. Qg2 Re2 25. Rf2 Re1+ 26. Rf1 Qxg2+ 27.
Kxg2 Bh3+ 28. Kxh3 Rxf1 29. Ra1 Rd8 30. d4 Rxd4 31. Bb2 Rxa1 32. Bxd4 Rxa4 33.
Bc5 a5 0-1

[Event "K41 Efteraars EMT Mesterklassen 2009"]
[Site "Valby"]
[Date "2009.10.20"]
[Round "6"]
[White "Ottosen, Peder"]
[Black "Jorgensen, Kasper Moller"]
[Result "1-0"]
[WhiteElo "2068"]
[BlackElo "2005"]
[PlyCount "67"]
[EventDate "2009.??.??"]

1. d4 Nf6 2. c4 e6 3. Nc3 Bb4 4. e3 b6 5. Bd3 Bb7 6. Nf3 O-O 7. O-O d5 8. cxd5
exd5 9. Ne5 Nbd7 10. f4 Ne4 11. Qb3 Bxc3 12. bxc3 c5 13. c4 Nxe5 14. fxe5 dxc4
15. Bxc4 cxd4 16. Bxf7+ Kh8 17. Ba3 Nd2 18. Qd3 Nxf1 19. Rxf1 Qg5 20. e4 Qxe5
21. Bxf8 Rxf8 22. Qa3 Rc8 23. Bc4 Qc5 24. Qxc5 bxc5 25. e5 Bc6 26. e6 h5 27.
Rf5 Be8 28. Rf8+ Kh7 29. Bb5 Bxb5 30. Rxc8 c4 31. a4 Bxa4 32. Rxc4 Bb5 33. Rxd4
Kg6 34. Rf4 1-0

[Event "K41 Efteraars EMT Mesterklassen 2009"]
[Site "Valby"]
[Date "2009.10.27"]
[Round "7"]
[White "Gjedde, Thomas"]
[Black "Ottosen, Peder"]
[Result "1-0"]
[WhiteElo "2026"]
[BlackElo "2068"]
[PlyCount "39"]
[EventDate "2009.??.??"]

1. d4 d5 2. c4 c6 3. Nc3 Nf6 4. e3 e6 5. Nf3 Nbd7 6. Bd3 Bd6 7. O-O O-O 8. e4
dxe4 9. Nxe4 Nxe4 10. Bxe4 f5 11. Bd3 e5 12. c5 Bc7 13. Bc4+ Kh8 14. Ng5 Nf6
15. dxe5 Nd5 16. Qh5 h6 17. Nf7+ Rxf7 18. Qxf7 Bxe5 19. Re1 Qc7 20. Qe8+ 1-0

[Event "K41 Efteraars EMT Mesterklassen 2009"]
[Site "Valby"]
[Date "2009.10.27"]
[Round "7"]
[White "Jorgensen, Kasper Moller"]
[Black "Nielsen, John Holm"]
[Result "1-0"]
[WhiteElo "2005"]
[BlackElo "2022"]
[PlyCount "75"]
[EventDate "2009.??.??"]

1. e4 c6 2. d4 d5 3. Nd2 dxe4 4. Nxe4 Bf5 5. Ng3 Bg6 6. Bc4 e6 7. N1e2 Bd6 8.
O-O Nf6 9. f4 Qc7 10. f5 exf5 11. Nxf5 Bxh2+ 12. Kh1 O-O 13. g3 Bxf5 14. Rxf5
Ng4 15. Qf1 Bxg3 16. Qg2 g6 17. Rg5 Bd6 18. Rxg4 Kg7 19. Nf4 Bxf4 20. Bxf4 Qe7
21. Be5+ f6 22. Rg1 Kh8 23. Bf4 Nd7 24. Bd3 f5 25. Rg5 Rae8 26. Qh2 Rf6 27.
Rxg6 Rxg6 28. Rxg6 Qf7 29. Rg1 c5 30. Bh6 Rg8 31. Rxg8+ Kxg8 32. dxc5 Kh8 33.
Bf4 Qd5+ 34. Qg2 Qxc5 35. Bd2 Ne5 36. Bc3 h5 37. Qg3 Qd5+ 38. Kh2 1-0

[Event "K41 Efteraars EMT Mesterklassen 2009"]
[Site "Valby"]
[Date "2009.10.27"]
[Round "7"]
[White "Petersen, Steen Brustrup"]
[Black "Hansen, Morten Moller"]
[Result "1-0"]
[WhiteElo "2098"]
[BlackElo "2124"]
[PlyCount "69"]
[EventDate "2009.??.??"]

1. e4 c5 2. Nf3 d6 3. d4 cxd4 4. Nxd4 Nf6 5. Nc3 e6 6. f4 a6 7. Qf3 Qc7 8. Bd3
Nc6 9. Nb3 Bd7 10. g4 h6 11. h4 O-O-O 12. g5 hxg5 13. hxg5 Rxh1+ 14. Qxh1 Ng8
15. Be3 Nb4 16. Qg1 Re8 17. Bb6 Qb8 18. a3 Nc6 19. a4 d5 20. e5 Nb4 21. Nd4 Ne7
22. Ncb5 axb5 23. axb5 Nf5 24. Bxf5 exf5 25. Qe3 Bxb5 26. Kf2 Bd7 27. Qc3+ Bc6
28. Qh3 Bd7 29. Qh5 f6 30. Qf7 fxe5 31. Nxf5 exf4 32. Qxf8 Bb5 33. Ra8 Qxa8 34.
Qd6 Na6 35. Ne7+ 1-0